[Event "Cap d'Agde CCAS op"]
[Site "Cap d'Agde"]
[Date "2008.10.30"]
[Round "7"]
[White "Palac, Mladen"]
[Black "Fargere, Francois"]
[Result "1-0"]
[WhiteElo "2583"]
[BlackElo "2444"]
[PlyCount "131"]
[EventDate "2008.10.25"]
[EventType "swiss"]
[EventRounds "9"]
[EventCountry "FRA"]
[SourceDate "2008.12.17"]

1. e4 c5 2. Nf3 d6 3. d4 Nf6 4. Nc3 cxd4 5. Nxd4 a6 6. Be3 e5 7. Nf3 Be7 8. Bc4
O-O 9. O-O Be6 10. Bb3 Nc6 11. Bg5 Nd7 12. Bxe7 Qxe7 13. Nd5 Qd8 14. Qe2 Na5
15. Rad1 Rc8 16. Rd2 Nxb3 17. axb3 Bxd5 18. Rxd5 Nf6 19. Rd2 Qb6 20. Nh4 g6 21.
g3 Qc6 22. Re1 Rfe8 23. Qd3 Red8 24. Qf3 Kg7 25. b4 Qc4 26. c3 d5 27. exd5 e4
28. Qd1 Rxd5 29. Rxd5 Nxd5 30. Qg4 e3 31. Nf5+ Kf8 32. Qxc4 exf2+ 33. Kxf2 Rxc4
34. Nd6 Rc7 35. Re8+ Kg7 36. Rb8 Rc6 37. Ne8+ Kh6 38. Rxb7 Re6 39. Rd7 Nxb4 40.
Nd6 Nd3+ 41. Kg2 Ne1+ 42. Kf1 f5 43. Nf7+ Kh5 44. Nd8 Re8 45. Rxh7+ Kg4 46. Nf7
Nd3 47. Rh4+ Kf3 48. Ng5+ Ke3 49. Rh6 Rb8 50. Rxg6 Rxb2 51. Rxa6 Rb1+ 52. Kg2
Rb2+ 53. Kh3 Nf2+ 54. Kh4 Ne4 55. h3 Nxc3 56. Re6+ Kf2 57. Rf6 Rb4+ 58. g4 f4
59. Kh5 Ne2 60. Ne6 Kg3 61. g5 f3 62. g6 f2 63. g7 Rh4+ 64. Kg6 Nf4+ 65. Nxf4
Rxf4 66. Rxf4 1-0

[Event "Cap d'Agde CCAS op"]
[Site "Cap d'Agde"]
[Date "2008.10.29"]
[Round "6"]
[White "Cornette, Matthieu"]
[Black "Palac, Mladen"]
[Result "1/2-1/2"]
[WhiteElo "2548"]
[BlackElo "2583"]
[PlyCount "59"]
[EventDate "2008.10.25"]
[EventType "swiss"]
[EventRounds "9"]
[EventCountry "FRA"]
[SourceDate "2008.12.17"]

1. e4 c5 2. Nf3 e6 3. d4 cxd4 4. Nxd4 a6 5. Be2 b5 6. O-O Bb7 7. Bf3 Ne7 8. a4
b4 9. Nd2 Qc7 10. e5 Bxf3 11. Qxf3 Nd5 12. Re1 Bc5 13. Nf5 O-O 14. Nb3 Bxf2+
15. Qxf2 exf5 16. Qxf5 Nc6 17. Qe4 Nde7 18. Bf4 Ng6 19. Bg3 Qa7+ 20. Kh1 Rfe8
21. Qd5 Nce7 22. Qd3 Nc6 23. Rad1 Ncxe5 24. Qd5 Ng4 25. Qxd7 Qxd7 26. Rxd7 f5
27. Rd4 f4 28. Rc1 Rac8 29. Bxf4 Nxf4 30. Rxf4 1/2-1/2

[Event "Cap d'Agde CCAS op"]
[Site "Cap d'Agde"]
[Date "2008.10.27"]
[Round "4"]
[White "Ivanov, Jordan"]
[Black "Palac, Mladen"]
[Result "0-1"]
[WhiteElo "2428"]
[BlackElo "2583"]
[PlyCount "72"]
[EventDate "2008.10.25"]
[EventType "swiss"]
[EventRounds "9"]
[EventCountry "FRA"]
[SourceDate "2008.12.17"]

1. d4 Nf6 2. c4 e6 3. Nc3 Bb4 4. e3 O-O 5. Bd3 d5 6. cxd5 exd5 7. Bd2 Re8 8.
Nge2 Bd6 9. Rc1 a6 10. Qb3 c6 11. Ng3 Nbd7 12. O-O b5 13. Nce2 c5 14. Bb1 Bb7
15. dxc5 Nxc5 16. Qd1 Nce4 17. Nd4 g6 18. Qe2 Qb6 19. Qd3 Nc5 20. Qe2 Nce4 21.
Qd3 h5 22. Nf3 b4 23. Rfd1 a5 24. Qf1 Ba6 25. Bd3 Nxf2 26. Nd4 Bxd3 27. Qxf2
Ng4 28. Qf3 Nxh2 29. Kxh2 Be4 30. Qe2 Qd8 31. Kh3 Qd7+ 32. Kh2 h4 33. Be1 Kg7
34. Rc6 hxg3+ 35. Kg1 Rh8 36. Rxd6 Rh1+ 0-1

[Event "Cap d'Agde CCAS op"]
[Site "Cap d'Agde"]
[Date "2008.10.27"]
[Round "3"]
[White "Palac, Mladen"]
[Black "Chomet, Pascal"]
[Result "1-0"]
[WhiteElo "2583"]
[BlackElo "2349"]
[PlyCount "47"]
[EventDate "2008.10.25"]
[EventType "swiss"]
[EventRounds "9"]
[EventCountry "FRA"]
[SourceDate "2008.12.17"]

1. e4 e5 2. Nf3 Nc6 3. Bb5 a6 4. Ba4 Nf6 5. O-O Be7 6. Re1 b5 7. Bb3 d6 8. c3
O-O 9. h3 Nd7 10. d4 Bf6 11. a4 Rb8 12. axb5 axb5 13. d5 Ne7 14. Na3 b4 15.
cxb4 Rxb4 16. Bd2 Rb8 17. Qc2 Ng6 18. Ba5 Nc5 19. Ba2 Nf4 20. Re3 Bg5 21. b4
Nxg2 22. Rc3 Bf4 23. Kxg2 Qf6 24. bxc5 1-0

[Event "Cap d'Agde CCAS op"]
[Site "Cap d'Agde"]
[Date "2008.10.26"]
[Round "2"]
[White "Le Goff, Damien"]
[Black "Palac, Mladen"]
[Result "0-1"]
[WhiteElo "2270"]
[BlackElo "2583"]
[PlyCount "64"]
[EventDate "2008.10.25"]
[EventType "swiss"]
[EventRounds "9"]
[EventCountry "FRA"]
[SourceDate "2008.12.17"]

1. e4 c5 2. Nf3 d6 3. d4 cxd4 4. Nxd4 Nf6 5. Nc3 a6 6. Be2 e5 7. Nb3 Be7 8. Be3
Be6 9. Nd5 Nbd7 10. Qd3 O-O 11. a4 Bxd5 12. exd5 Rc8 13. a5 Re8 14. O-O Bf8 15.
c4 g6 16. Nd2 h5 17. f4 exf4 18. Bxf4 b6 19. b4 bxa5 20. bxa5 Nc5 21. Qf3 Nfd7
22. Bxd6 f5 23. Bxf8 Rxf8 24. Qf2 Qf6 25. Nf3 Rb8 26. Rab1 Ne4 27. Qa7 Rxb1 28.
Rxb1 Nc3 29. Bd3 Nxb1 30. Qxd7 Nd2 31. Nxd2 Qd4+ 32. Kh1 Qxd3 0-1

[Event "Cap d'Agde CCAS op"]
[Site "Cap d'Agde"]
[Date "2008.10.25"]
[Round "1"]
[White "Palac, Mladen"]
[Black "Souevamanien, Pascal"]
[Result "1-0"]
[WhiteElo "2583"]
[BlackElo "2140"]
[PlyCount "42"]
[EventDate "2008.10.25"]
[EventType "swiss"]
[EventRounds "9"]
[EventCountry "FRA"]
[SourceDate "2008.12.17"]

1. e4 c5 2. Nf3 Nc6 3. Bb5 g6 4. O-O Bg7 5. c3 Nf6 6. Re1 O-O 7. d4 cxd4 8.
cxd4 d6 9. h3 Bd7 10. Nc3 Rc8 11. Bf4 Qa5 12. Qd2 Rfd8 13. Bg5 Kf8 14. Rad1 Ng8
15. a3 Nb8 16. Bd3 h6 17. Be3 a6 18. b4 Qh5 19. Be2 Rxc3 20. Qxc3 Rc8 21. Qb3
Bb5 1-0

[Event "Stari Mikanovci Jaric Memorial"]
[Site "Stari Mikanovci"]
[Date "2008.04.17"]
[Round "9"]
[White "Palac, Mladen"]
[Black "Rogic, Davor"]
[Result "1-0"]
[WhiteElo "2559"]
[BlackElo "2475"]
[PlyCount "77"]
[EventDate "2008.04.17"]
[EventType "tourn"]
[EventRounds "9"]
[EventCountry "CRO"]
[EventCategory "12"]
[SourceDate "2008.12.17"]

1. e4 e5 2. Nf3 Nc6 3. Bb5 a6 4. Ba4 Nf6 5. O-O Be7 6. d3 b5 7. Bb3 d6 8. a4 b4
9. a5 O-O 10. Nbd2 Nb8 11. c3 bxc3 12. bxc3 Nbd7 13. d4 Bb7 14. Re1 h6 15. h3
Rb8 16. Ba3 Re8 17. Qc2 exd4 18. cxd4 d5 19. Bxe7 Rxe7 20. e5 Ne4 21. Nxe4 dxe4
22. Nh4 c5 23. e6 fxe6 24. dxc5 Bc6 25. Nf5 Re8 26. Nd4 Ne5 27. Bxe6+ Kh8 28.
Nxc6 Nxc6 29. Rxe4 Qf6 30. Rae1 Rb2 31. Bd5 Rf8 32. Re6 Qd4 33. Qe4 Qxf2+ 34.
Kh1 Nb4 35. Re8 Nxd5 36. Qxd5 Rc2 37. Qd7 Rxe8 38. Rxe8+ Kh7 39. Qd3+ 1-0

[Event "Stari Mikanovci Jaric Memorial"]
[Site "Stari Mikanovci"]
[Date "2008.04.17"]
[Round "8"]
[White "Kozul, Zdenko"]
[Black "Palac, Mladen"]
[Result "1-0"]
[WhiteElo "2583"]
[BlackElo "2559"]
[PlyCount "33"]
[EventDate "2008.04.17"]
[EventType "tourn"]
[EventRounds "9"]
[EventCountry "CRO"]
[EventCategory "12"]
[SourceDate "2008.12.17"]

1. Nf3 c5 2. g3 g6 3. Bg2 Bg7 4. O-O Nc6 5. d3 d5 6. e4 d4 7. a4 e5 8. Na3 Nge7
9. Nc4 O-O 10. c3 f6 11. cxd4 cxd4 12. a5 Be6 13. Qa4 Rb8 14. b4 a6 15. b5 Na7
16. b6 Nb5 17. Ba3 1-0

[Event "Stari Mikanovci Jaric Memorial"]
[Site "Stari Mikanovci"]
[Date "2008.04.17"]
[Round "7"]
[White "Palac, Mladen"]
[Black "Hulak, Krunoslav"]
[Result "1/2-1/2"]
[WhiteElo "2559"]
[BlackElo "2543"]
[PlyCount "25"]
[EventDate "2008.04.17"]
[EventType "tourn"]
[EventRounds "9"]
[EventCountry "CRO"]
[EventCategory "12"]
[SourceDate "2008.12.17"]

1. d4 d5 2. c4 c6 3. cxd5 cxd5 4. Nc3 Nf6 5. Nf3 Nc6 6. Bf4 e6 7. e3 Bd6 8.
Bxd6 Qxd6 9. Bd3 O-O 10. O-O Bd7 11. Rc1 Rac8 12. Qe2 Nb4 13. Bb1 1/2-1/2

[Event "Stari Mikanovci Jaric Memorial"]
[Site "Stari Mikanovci"]
[Date "2008.04.17"]
[Round "6"]
[White "Brkic, Ante"]
[Black "Palac, Mladen"]
[Result "1-0"]
[WhiteElo "2521"]
[BlackElo "2559"]
[PlyCount "81"]
[EventDate "2008.04.17"]
[EventType "tourn"]
[EventRounds "9"]
[EventCountry "CRO"]
[EventCategory "12"]
[SourceDate "2008.12.17"]

1. e4 c5 2. Nf3 d6 3. d4 cxd4 4. Nxd4 Nf6 5. Nc3 a6 6. Be3 e5 7. Nf3 Qc7 8. a4
h6 9. Be2 Be6 10. a5 Qc6 11. Nd2 Nbd7 12. O-O Be7 13. Bf3 b5 14. axb6 Nxb6 15.
Qe2 Nc4 16. Nd5 Nxe3 17. Nxe3 O-O 18. c4 Rfb8 19. b3 Bd8 20. Qd3 Nd7 21. Ra2
Bb6 22. Nd5 Kf8 23. Rb1 Bc5 24. Nf1 Bxd5 25. exd5 Qc7 26. Ng3 g6 27. h4 h5 28.
Ne4 Qd8 29. Ng5 Kg7 30. Qe2 Qe7 31. g3 Rb4 32. Be4 a5 33. Bc2 Nf6 34. Rf1 Qc7
35. Kg2 Rbb8 36. Qd3 Re8 37. Ne6+ Rxe6 38. dxe6 Qb7+ 39. f3 Rf8 40. exf7 Qxf7
41. Rxa5 1-0

[Event "Stari Mikanovci Jaric Memorial"]
[Site "Stari Mikanovci"]
[Date "2008.04.17"]
[Round "4"]
[White "Cebalo, Miso"]
[Black "Palac, Mladen"]
[Result "0-1"]
[WhiteElo "2520"]
[BlackElo "2559"]
[PlyCount "74"]
[EventDate "2008.04.17"]
[EventType "tourn"]
[EventRounds "9"]
[EventCountry "CRO"]
[EventCategory "12"]
[SourceDate "2008.12.17"]

1. d4 Nf6 2. c4 e6 3. Nc3 Bb4 4. f3 O-O 5. a3 Bxc3+ 6. bxc3 Nh5 7. Nh3 f5 8.
Nf2 d6 9. e3 Nc6 10. Bd3 e5 11. O-O Qe8 12. a4 b6 13. Qc2 Na5 14. c5 Be6 15.
cxd6 cxd6 16. Ba3 Rf6 17. c4 Rc8 18. c5 exd4 19. exd4 Nf4 20. Bb5 Qg6 21. g3
Bd5 22. Qd2 Ne6 23. cxd6 Nb3 24. d7 Rd8 25. Qc3 Nbxd4 26. Nh3 Rxd7 27. Rad1
Nxb5 28. axb5 Qh5 29. Kg2 Rh6 30. Rxd5 Qxh3+ 31. Kf2 Qxh2+ 32. Ke3 f4+ 33. gxf4
Qxf4+ 34. Ke2 Rh2+ 35. Rf2 Rxf2+ 36. Kxf2 Rxd5 37. Qc8+ Nd8 0-1

[Event "Stari Mikanovci Jaric Memorial"]
[Site "Stari Mikanovci"]
[Date "2008.04.17"]
[Round "3"]
[White "Palac, Mladen"]
[Black "Stevic, Hrvoje"]
[Result "1/2-1/2"]
[WhiteElo "2559"]
[BlackElo "2571"]
[PlyCount "37"]
[EventDate "2008.04.17"]
[EventType "tourn"]
[EventRounds "9"]
[EventCountry "CRO"]
[EventCategory "12"]
[SourceDate "2008.12.17"]

1. e4 e5 2. Nf3 Nc6 3. Bb5 g6 4. d4 exd4 5. Nxd4 Bg7 6. Be3 Nf6 7. Nc3 O-O 8.
O-O Re8 9. Re1 a6 10. Ba4 Nxd4 11. Bxd4 b5 12. e5 bxa4 13. Qf3 Bb7 14. Qxb7 Ng4
15. f4 d6 16. Qf3 dxe5 17. Bc5 Nh6 18. Rad1 exf4 19. Nd5 1/2-1/2

[Event "Stari Mikanovci Jaric Memorial"]
[Site "Stari Mikanovci"]
[Date "2008.04.17"]
[Round "1"]
[White "Palac, Mladen"]
[Black "Zelcic, Robert"]
[Result "1/2-1/2"]
[WhiteElo "2559"]
[BlackElo "2591"]
[PlyCount "31"]
[EventDate "2008.04.17"]
[EventType "tourn"]
[EventRounds "9"]
[EventCountry "CRO"]
[EventCategory "12"]
[SourceDate "2008.12.17"]

1. e4 Nf6 2. Nc3 d5 3. exd5 Nxd5 4. Nf3 e6 5. d4 Be7 6. Bd3 O-O 7. O-O Nd7 8.
Re1 N7f6 9. Nxd5 exd5 10. c3 Bg4 11. h3 Bh5 12. Bf4 Bd6 13. Bg5 Be7 14. Bf4 Bd6
15. Bg5 Be7 16. Bf4 1/2-1/2

[Event "Dresden ol (Men) 38th"]
[Site "Dresden"]
[Date "2008.11.22"]
[Round "9"]
[White "Palac, Mladen"]
[Black "Bologan, Viktor"]
[Result "0-1"]
[WhiteElo "2583"]
[BlackElo "2682"]
[PlyCount "106"]
[EventDate "2008.11.13"]
[EventType "team-swiss"]
[EventRounds "11"]
[EventCountry "GER"]
[SourceDate "2008.11.26"]
[WhiteTeam "Croatia"]
[BlackTeam "Moldova"]
[WhiteTeamCountry "CRO"]
[BlackTeamCountry "MDA"]

1. e4 c5 2. Nf3 e6 3. d4 cxd4 4. Nxd4 a6 5. Bd3 g6 6. c4 Bg7 7. Be3 d5 8. exd5
exd5 9. cxd5 Nf6 10. Nc3 O-O 11. Be2 Nxd5 12. Nxd5 Qxd5 13. O-O Nd7 14. Bf3 Qc4
15. a3 Ne5 16. Be2 Qd5 17. Rc1 b5 18. Nf3 Qxd1 19. Rfxd1 Be6 20. Bd4 Nxf3+ 21.
Bxf3 Bxd4 22. Bxa8 Bxb2 23. Rb1 Bxa3 24. Bb7 Bc8 25. Bxc8 Rxc8 26. Rd7 b4 27.
Kf1 a5 28. Ra7 Rc5 29. Rb7 h5 30. Rd1 Bb2 31. Rdd7 Rf5 32. Ra7 Bc3 33. Rdb7 Kg7
34. f3 h4 35. Ke2 Bd4 36. Ra6 Bg1 37. g4 Re5+ 38. Kf1 Bxh2 39. Raa7 Kh6 40.
Rxf7 Kg5 41. Kg2 Re2+ 42. Kf1 Ra2 43. Rab7 h3 44. Rh7 Bg3 45. Rxh3 Rf2+ 46. Kg1
Rxf3 47. Rb5+ Kxg4 48. Rh6 Ra3 49. Rxg6+ Kf3 50. Rf5+ Bf4 51. Kh1 Ra1+ 52. Rg1
Rxg1+ 53. Kxg1 a4 0-1

[Event "Dresden ol (Men) 38th"]
[Site "Dresden"]
[Date "2008.11.16"]
[Round "4"]
[White "Polaczek, Richard"]
[Black "Palac, Mladen"]
[Result "1/2-1/2"]
[WhiteElo "2419"]
[BlackElo "2583"]
[PlyCount "62"]
[EventDate "2008.11.13"]
[EventType "team-swiss"]
[EventRounds "11"]
[EventCountry "GER"]
[SourceDate "2008.11.26"]
[WhiteTeam "Belgium"]
[BlackTeam "Croatia"]
[WhiteTeamCountry "BEL"]
[BlackTeamCountry "CRO"]

1. d4 Nf6 2. Nf3 d5 3. c4 e6 4. Nc3 Bb4 5. Qa4+ Nc6 6. Bg5 dxc4 7. Bxf6 Qxf6 8.
a3 Bxc3+ 9. bxc3 O-O 10. e3 Bd7 11. Qxc4 Rac8 12. Qc5 b6 13. Qh5 g6 14. Qh6 Ne7
15. Ne5 Ba4 16. Ba6 Rb8 17. h4 Qg7 18. Qxg7+ Kxg7 19. Bd3 c5 20. h5 Rbc8 21.
Kd2 f6 22. hxg6 hxg6 23. Nf3 Rh8 24. Rxh8 Kxh8 25. e4 Kg7 26. g4 Nc6 27. Rh1
cxd4 28. cxd4 Na5 29. g5 f5 30. Ne5 f4 31. Ke2 Rc3 1/2-1/2

[Event "Dresden ol (Men) 38th"]
[Site "Dresden"]
[Date "2008.11.14"]
[Round "2"]
[White "Palac, Mladen"]
[Black "Obodchuk, Andrei"]
[Result "1/2-1/2"]
[WhiteElo "2583"]
[BlackElo "2434"]
[PlyCount "87"]
[EventDate "2008.11.13"]
[EventType "team-swiss"]
[EventRounds "11"]
[EventCountry "GER"]
[SourceDate "2008.11.26"]
[WhiteTeam "Croatia"]
[BlackTeam "IPCA"]
[WhiteTeamCountry "CRO"]

1. e4 c5 2. Nf3 d6 3. d4 cxd4 4. Nxd4 Nf6 5. Nc3 Nc6 6. Bc4 e6 7. Bb3 Be7 8.
Be3 Bd7 9. f4 O-O 10. Qe2 Rc8 11. O-O a6 12. Rad1 Qc7 13. f5 Nxd4 14. Bxd4 exf5
15. exf5 Bc6 16. a4 Rfe8 17. Qd3 b5 18. axb5 axb5 19. Qg3 b4 20. Nd5 Bxd5 21.
Bxf6 Bxf6 22. Rxd5 Rcd8 23. Rfd1 Bxb2 24. Rxd6 Rxd6 25. Qxd6 Qa7+ 26. Kh1 Qe3
27. Qxb4 Bc3 28. Qc4 Qe1+ 29. Qf1 Kf8 30. Qxe1 Rxe1+ 31. Rxe1 Bxe1 32. Kg1 Ke7
33. Kf1 Bb4 34. Ke2 Kf6 35. Kd3 h5 36. Ke4 Bc3 37. Bc4 g6 38. fxg6 fxg6 39. Kd5
Ke7 40. h3 h4 41. Be2 Kd7 42. Bg4+ Kc7 43. Ke6 g5 44. Kd5 1/2-1/2

[Event "EU-Cup 24th"]
[Site "Kallithea"]
[Date "2008.10.22"]
[Round "6"]
[White "Palac, Mladen"]
[Black "Gonzalez de la Torre, Santiago"]
[Result "1/2-1/2"]
[WhiteElo "2583"]
[BlackElo "2382"]
[PlyCount "35"]
[EventDate "2008.10.17"]
[EventType "tourn"]
[EventRounds "7"]
[EventCountry "GRE"]
[Source "ChessBase"]
[SourceDate "2008.11.13"]
[WhiteTeam "Zagreb"]
[BlackTeam "Iretza Gros"]
[WhiteTeamCountry "CRO"]
[BlackTeamCountry "ESP"]

1. e4 d5 2. exd5 Qxd5 3. Nc3 Qa5 4. d4 Nf6 5. Nf3 c6 6. Bc4 Bf5 7. Bd2 e6 8.
Nd5 Qd8 9. Nxf6+ gxf6 10. Bb3 Nd7 11. Qe2 Qc7 12. Nh4 Bg6 13. O-O-O O-O-O 14.
g3 Kb8 15. Kb1 Rc8 16. Nxg6 hxg6 17. h4 f5 18. h5 1/2-1/2

[Event "EU-Cup 24th"]
[Site "Kallithea"]
[Date "2008.10.19"]
[Round "3"]
[White "Palac, Mladen"]
[Black "Najer, Evgeniy"]
[Result "1/2-1/2"]
[WhiteElo "2583"]
[BlackElo "2682"]
[PlyCount "80"]
[EventDate "2008.10.17"]
[EventType "tourn"]
[EventRounds "7"]
[EventCountry "GRE"]
[Source "ChessBase"]
[SourceDate "2008.11.13"]
[WhiteTeam "Zagreb"]
[BlackTeam "Saransk TPS"]
[WhiteTeamCountry "CRO"]
[BlackTeamCountry "RUS"]

1. e4 c5 2. Nf3 d6 3. d4 cxd4 4. Nxd4 Nf6 5. Nc3 a6 6. a4 g6 7. Be2 Bg7 8. O-O
O-O 9. Be3 Nc6 10. Qd2 Bd7 11. Rfd1 Qc7 12. f3 Rfc8 13. Bf1 Nxd4 14. Bxd4 Be6
15. Kh1 Qa5 16. Bxf6 Bxf6 17. Nd5 Qxd2 18. Nxf6+ Kg7 19. Nh5+ Kh6 20. Rxd2 Kxh5
21. b3 Rc3 22. Kg1 Kg5 23. Kf2 f5 24. Bd3 Kf6 25. Ke3 Rac8 26. Rf1 Bd7 27. Re2
g5 28. Kd2 f4 29. g3 b5 30. a5 R8c5 31. b4 Rc7 32. gxf4 gxf4 33. e5+ dxe5 34.
Rfe1 Rxd3+ 35. cxd3 Bf5 36. Rxe5 Rd7 37. Rxf5+ Kxf5 38. Rg1 e5 39. Rg8 Rf7 40.
Rb8 Rg7 1/2-1/2